1086 1397 1904 1775 1914 1948 1696 1953 1553 1353 1026 1543 1564 1098 1202 1884 1888 1164 1798 1718 1024 1307 1309 1099 1606 1861 1221 1753 1187 1854 1260 1678 1018 1940 1781 1528 1323 1527 1094 1494 1078 1332 1758 1085 1936 1335 1678 1344 1856 1512 1941 1442 1875 1896 1595 1668 1744 1973 1084 1447 1999 1216 1796 1371 1844 1288 1923 1048 1699 1766 1332 1967 1434 1578 1998 1539 1808 1671 1315 1255 1926 1943 1273 1645 1934 1265 1845 1343 1170 1797 1946 1163 1089 1358 1877 1563 1157 1650 1496 BCNSPRNW ULIB Ver.6.0+V

เปลี่ยนเป็นภาษาไทย

Change to English
 แสดงรายละเอียดบรรณานุกรม
  กลับหน้าหลัก

Brief Record : Get Marc (ISO 2709) : E-mail record : QR code < ปิดหน้าต่าง
LEADER : 00000nas 2200000uu 4500
001    13399123093
003     ULIB
008    140117s||||||||th 000 0 tha d
022 0  15131262
110 1  สภาการพยาบาล
245 00 วารสารสภาการพยาบาล/^cสภาการพยาบาล
260    นนทบุรี:^bจุดทอง,^c
310    ^aรายสามเดือน
850 ^a ULIB:campus^bปีที่ 27
945    ^p0^l0^i800774
999    ^aทศพร เกษรทอง
รายการนี้ยังไม่มีแท็ก
คุณยังไม่ได้ล็อกอิน คุณสามารถมีกิจกรรมร่วมกับเว็บไซต์ได้ แต่ต้องล็อกอินก่อน ::
  ล็อกอิน

รายการสื่อสารสนเทศ (วารสาร)

ดูแบบ: กล่อง รายการ
ARRIVED
ปีที่ 27
สถานที่: ห้องสมุดวิทยาเขตนครสวรรค์ >วารสาร

BibComment


ยังไม่เคยถูกคอมเมนท์

คอมเมนท์ทรัพยากรรายการนี้
  คอมเมนท์: วารสารสภาการพยาบา..


 Copyright 2026. Bcnsprnw @Library